| 000 | 00974nam a2200301Ia 4500 | ||
|---|---|---|---|
| 003 | OSt | ||
| 005 | 20220912151346.0 | ||
| 006 | a|||||r|||| 00| 0 | ||
| 007 | ta | ||
| 008 | 220909b |||||||| |||| 00| 0 eng d | ||
| 020 | _a8173196680 (pbk) | ||
| 024 | _a19624 | ||
| 037 | _b2005/CRB/0003066, 24/03/2006, Narosa Book Distributors Pvt. Ltd. | ||
| 037 | _cTextual | ||
| 040 |
_aCSL _beng _cCSL |
||
| 041 | _aeng | ||
| 082 | _aB36M, P6 TB | ||
| 100 | _aJouini Abdellatif | ||
| 245 | 0 | _aTwo versions of wavelets and applications | |
| 260 |
_aNew Delhi _b Narosa Publishing House _c2006 |
||
| 300 |
_aix, 339p. _ccm. |
||
| 500 |
_aBibliography 209-217p. _ccm.; Index 338-339p. _ccm. |
||
| 650 | _a Wavelets | ||
| 650 | _aMathematics | ||
| 700 | _a Trimeche Khalifa | ||
| 942 |
_hB36M, P6 TB _cTEXL _2CC |
||
| 999 |
_c66941 _d66941 |
||